| 000 | 02299nam a22003377a 4500 | ||
|---|---|---|---|
| 005 | 20240814174524.0 | ||
| 008 | s2535 th tha d | ||
| 041 | _atha | ||
| 100 | 0 | _aวิจิตรา (ฟุ้งลัดดา) วิเชียรชม | |
| 245 | 1 | 0 | _aรวมกฎหมายแรงงาน / วิจิตรา (ฟุ้งลัดดา) วิเชียรชม [3rd] |
| 260 | 3 |
_aกรุงเทพฯ : _bสำนักพิมพ์มหาวิทยาลัยธรรมศาสตร์, _c2535 |
|
| 300 |
_a418 หน้า : _b ภาพประกอบ, ตาราง ; _c 26 ซม. |
||
| 650 | 0 | 4 | _aกฎหมายแพ่งและพาณิชย์ -- จ้างแรงงาน |
| 650 | 0 | 4 | _aกฎหมายแรงงาน |
| 650 | 0 | 4 | _aกองทุนเงินทดแทน -- กฎหมายและระเบียบข้อบังคับ |
| 650 | 0 | 4 | _aการคุ้มครองแรงงาน -- กฎหมายและระเบียบข้อบังคับ |
| 650 | 0 | 4 | _aความปลอดภัยในการทำงาน -- กฎหมายและระเบียบข้อบังคับ |
| 650 | 0 | 4 | _aค่าจ้างขั้นต่ำ -- กฎหมายและระเบียบข้อบังคับ |
| 650 | 0 | 4 | _aพนักงานรัฐวิสาหกิจสัมพันธ์ (พ.ร.บ.) -- 2534 |
| 650 | 0 | 4 | _aวิธีพิจารณาคดีแรงงาน (พ.ร.บ.) -- 2522 |
| 650 | 0 | 4 | _aศาลแรงงาน -- การจัดตั้ง (พ.ร.บ.) -- 2522 |
| 650 | 0 | 4 | _aแรงงาน -- กฎหมายและระเบียบข้อบังคับ |
| 650 | 0 | 4 | _aแรงงาน (ประกาศคณะปฏิวัติ) -- ฉบับที่ 103 -- 2515 |
| 650 | 0 | 4 | _aแรงงานสัมพันธ์ (พ.ร.บ.) -- 2518 |
| 650 | 0 | 4 | _aแรงงานสัมพันธ์ (พ.ร.บ.) -- ฉบับที่ 2 -- 2534 |
| 850 | _aNALT | ||
| 942 | _cLB | ||
| 997 | _c000000000017664 | ||
| 998 |
_aBENJALUCK SUTTHIWILAI _j25 _k นีลวัสน์ อินทรักษา |
||
| 999 |
_c17664 _d17664 |
||
| 090 | _aKM12 ว528ร 2535 | ||